Obra antológica de Carlos Carrete Parrondo : (Record no. 190648)
[ view plain ]
| 000 -LEADER | |
|---|---|
| campo de control de longitud fija | 01668nam a2200349 i 4500 |
| 001 - NÚMERO DE CONTROL | |
| campo de control | 190648 |
| 003 - IDENTIFICADOR DE NÚMERO DE CONTROL | |
| campo de control | ES-MaACL |
| 005 - FECHA Y HORA DE LA ÚLTIMA TRANSACCIÓN | |
| campo de control | 20260311121453.0 |
| 008 - DATOS DE LONGITUD FIJA--INFORMACIÓN GENERAL | |
| campo de control de longitud fija | 220301s2018 sp ab 001 0 spa |
| 020 ## - NÚMERO INTERNACIONAL ESTÁNDAR DEL LIBRO | |
| Número Internacional Estándar del Libro | 978-84-09-03427-7 |
| 080 ## - NÚMERO DE LA CLASIFICACIÓN DECIMAL UNIVERSAL | |
| Número de la Clasificación Decimal Universal | 26-722.7(460.18-89)(091) |
| 080 ## - NÚMERO DE LA CLASIFICACIÓN DECIMAL UNIVERSAL | |
| Número de la Clasificación Decimal Universal | 26-768(460.18-89)-051(091) |
| 100 1# - ENTRADA PRINCIPAL--NOMBRE DE PERSONA | |
| Nombre de persona | Carrete Parrondo, Carlos. |
| 9 (RLIN) | 35709 |
| 245 10 - MENCIÓN DEL TÍTULO | |
| Título | Obra antológica de Carlos Carrete Parrondo : |
| Resto del título | investigaciones sobre el pasado judío y converso hispanomedieval / |
| Mención de responsabilidad, etc. | Ricardo Muñoz Solla, Mª Fuencisla García Casar (coordinadores). |
| 260 ## - PUBLICACIÓN, DISTRIBUCIÓN, ETC. | |
| Lugar de publicación, distribución, etc. | Béjar (Salamanca) : |
| Nombre del editor, distribuidor, etc. | Museo Judío David Melul, |
| Fecha de publicación, distribución, etc. | 2018. |
| 300 ## - DESCRIPCIÓN FÍSICA | |
| Extensión | 987 p., [1] h. de lám. col. : |
| Otras características físicas | il., mapas, 1 plano ; |
| Dimensiones | 24 cm. |
| 500 ## - NOTA GENERAL | |
| Nota general | Índice disponible en Dialnet. |
| 504 ## - NOTA DE BIBLIOGRAFÍA, ETC. | |
| Nota de bibliografía, etc. | Referencias bibliográficas. |
| 505 8# - NOTA DE CONTENIDO CON FORMATO | |
| Nota de contenido con formato | Contiene: Artículos y capítulos de libros en colaboración . Artículos y capítulos de libros . Sobre fray Luis de león |
| 546 ## - NOTA DE IDIOMA | |
| Nota de lengua/lenguaje | Texto en español e inglés. |
| 599 ## - NOTA A LAS ILUSTRACIONES | |
| NOTA A LAS ILUSTRACIONES | Lám.: retr. de Carlos Carrete Parrondo |
| 600 14 - PUNTO DE ACCESO ADICIONAL DE MATERIA--NOMBRE DE PERSONA | |
| Nombre de persona | León, Luis de, |
| Fechas asociadas al nombre | 1527-1591 |
| 9 (RLIN) | 71583 |
| 650 #4 - PUNTO DE ACCESO ADICIONAL DE MATERIA--TÉRMINO DE MATERIA | |
| Término de materia o nombre geográfico como elemento de entrada | Judíos- |
| Subdivisión geográfica | Castilla (Reino) |
| 9 (RLIN) | 13977 |
| 650 #7 - PUNTO DE ACCESO ADICIONAL DE MATERIA--TÉRMINO DE MATERIA | |
| Término de materia o nombre geográfico como elemento de entrada | Judeoconversos- |
| Subdivisión geográfica | España- |
| Subdivisión de forma | Historia |
| 9 (RLIN) | 158167 |
| 700 1# - ENTRADA AGREGADA--NOMBRE PERSONAL | |
| Nombre de persona | Muñoz Solla, Ricardo. |
| 9 (RLIN) | 174261 |
| 700 1# - ENTRADA AGREGADA--NOMBRE PERSONAL | |
| Nombre de persona | García Casar, María Fuencisla. |
| 9 (RLIN) | 174262 |
| 852 4# - LOCALIZACIÓN | |
| Ubicación | ES-MaACL |
| Número de control de estantería | A-14916 |
| itemnumber | 197827 |
| Sublocalización o colección | R.152341 |
| Ubicación en estantería | Depósito 1 |
| Signatura antigua | Olim: N-7916 |
| Donativo/Legado | Donación: Editorial |
| 856 4# - LOCALIZACIÓN Y ACCESO ELECTRÓNICOS | |
| Identificador Uniforme de Recursos | <a href="https://dialnet.unirioja.es/servlet/libro?codigo=721713&utm_source=catalogo.bne.es&utm_medium=libro&utm_campaign=Dialnet_Widgets">https://dialnet.unirioja.es/servlet/libro?codigo=721713&utm_source=catalogo.bne.es&utm_medium=libro&utm_campaign=Dialnet_Widgets</a> |
| Texto de enlace | Índice (Dialnet) |
| 942 ## - ELEMENTOS DE ENTRADA SECUNDARIOS (KOHA) | |
| Fuente del sistema de clasificación o colocación | Clasificación decimal universal |
| Tipo de ítem Koha | Libro impreso |
| Estatus retirado | Estado de pérdida | Fuente del sistema de clasificación o colocación | Estado de daño | No para préstamo | Colección | Biblioteca de origen | Biblioteca actual | Ubicación en estantería | Fecha de adquisición | Fuente de adquisición | Total de préstamos | Signatura topográfica completa | Código de barras | Visto por última vez | Precio de reemplazo | Tipo de ítem Koha |
|---|---|---|---|---|---|---|---|---|---|---|---|---|---|---|---|---|
| Clasificación decimal universal | Colección digital | Biblioteca del Ateneo de Madrid | Biblioteca del Ateneo de Madrid | Depósito 1 | 01/03/2022 | Donación | A-14916 | 1202873 | 23/02/2023 | 23/02/2023 | Libro impreso |
